Rozsypanka literowa #2 -Stolice europejskie - Statystyki

Ogólne statystyki
  • Ten quiz został rozwiązany 2 817 razy
    303 od ostatniego zresetowania
  • Średni wynik to 34 z 47
Statystyki odpowiedzi
Litery Nazwa Stolicy % Poprawnych
L S O O Oslo
99%
Y Z M R Rzym
98%
Y R A G Ryga
96%
O I W L N Wilno
96%
Ó W K J I Kijów
95%
Ż Y A R P Paryż
95%
N O D Y L N Londyn
94%
Ń M I K S Mińsk
94%
A P G R A Praga
94%
A O F I S Sofia
94%
U D L I B N Dublin
92%
L I N E B R Berlin
91%
O B E R N Berno
89%
M S E T D A R A M Amsterdam
83%
Y A N T E Ateny
83%
D A Y M R T Madryt
80%
O M N A O K Monako
80%
A W A Z A S W R Warszawa
79%
Ń I D E W E Wiedeń
79%
L U L B A A N Lublana
77%
E K O S P J Skopje
76%
Z O K O L M H S T Sztokholm
76%
Z A V U D Vaduz
76%
A W R B Y T Ł S A A Bratysława
75%
R A N K A A Ankara
74%
A W S O M K Moskwa
74%
A P E K O H A N G Kopenhaga
72%
I S N I K L E H Helsinki
70%
U K B R S E A L Bruksela
69%
I T A N R A Tirana
68%
R B Z E A Z G Zagrzeb
68%
AAASTN Astana
67%
T U B D A Z S P E Budapeszt
67%
O W S A J A R E Sarajewo
67%
D E R A B L G Belgrad
60%
E J R I K A W K I Rejkiawik
60%
O N D A A R Andora
59%
G R U L M E S K B U Luksemburg
58%
Y T A W K N A Watykan
53%
Z B N A I L O Lizbona
51%
I R I P Z N S T A Prisztina
50%
W Y S I K Ó N I Z Kiszyniów
46%
A L N N L T I Tallinn
46%
T K U B S E R Z A Bukareszt
45%
D G I R C A P O O Podgorica
45%
A T V T L E A L Valletta
41%
O A M S R N I N A San Marino
37%
Nie znaleziono quizów pasujących do podanych kryteriów
Rozkład punktacji
Procent ludzi z każdym wynikiem
Percentyl według liczby udzielonych odpowiedzi
Twoja historia wyników
Nie rozwiązałeś tego quizu od ostatniego zresetowania